|
|
|
|
| LEADER |
00000cam a22000004a 4500 |
| 001 |
musev2_41264 |
| 003 |
MdBmJHUP |
| 005 |
20230905044327.0 |
| 006 |
m o d |
| 007 |
cr||||||||nn|n |
| 008 |
030702s2004 miu o 00 0 eng d |
| 010 |
|
|
|z 2003015075
|
| 020 |
|
|
|a 9780472021840
|
| 020 |
|
|
|z 9780472113682
|
| 020 |
|
|
|z 9780472031634
|
| 035 |
|
|
|a (OCoLC)607267813
|
| 040 |
|
|
|a MdBmJHUP
|c MdBmJHUP
|
| 043 |
|
|
|a n-us---
|
| 050 |
0 |
4 |
|a PS3573.I45677
|b Z65 2004
|
| 082 |
0 |
|
|a 812/.54
|2 22
|
| 100 |
1 |
|
|a Elam, Harry Justin.
|
| 245 |
1 |
4 |
|a The Past as Present in the Drama of August Wilson /
|c Harry J. Elam, Jr.
|
| 264 |
|
1 |
|a Ann Arbor :
|b University of Michigan Press,
|c 2004.
|
| 264 |
|
3 |
|a Baltimore, Md. :
|b Project MUSE,
|c 2016
|
| 264 |
|
4 |
|c ©2004.
|
| 300 |
|
|
|a 1 online resource (307 pages):
|b ill. ;
|
| 336 |
|
|
|a text
|b txt
|2 rdacontent
|
| 337 |
|
|
|a computer
|b c
|2 rdamedia
|
| 338 |
|
|
|a online resource
|b cr
|2 rdacarrier
|
| 504 |
|
|
|a Includes bibliographical references (p. 255-263) and index.
|
| 588 |
|
|
|a Description based on print version record.
|
| 600 |
1 |
0 |
|a Wilson, August
|x Criticism and interpretation.
|
| 650 |
|
0 |
|a African Americans in literature.
|
| 650 |
|
0 |
|a Literature and history
|z United States.
|
| 650 |
|
0 |
|a Historical drama, American
|x History and criticism.
|
| 655 |
|
7 |
|a Electronic books.
|2 local
|
| 710 |
2 |
|
|a Project Muse.
|e distributor
|
| 830 |
|
0 |
|a Book collections on Project MUSE.
|
| 856 |
4 |
0 |
|z Texto completo
|u https://projectmuse.uam.elogim.com/book/41264/
|
| 945 |
|
|
|a Project MUSE - Custom Collection
|
| 945 |
|
|
|a Project MUSE - Archive Complete Supplement IV
|
| 945 |
|
|
|a Project MUSE - Archive Literature Supplement IV
|